000
00300nam a22001217a 4500
003
SGT
082
_a
677
_b
T15B
100
_a
BLACK, SANDY
245
_a
THE ART OF KNITTING INSPIRATION OF STITCHES TEXTURES AND SURFACES
260
_a
LONDON
_b
THAMES & HUDON
_c
2015
300
_a
318
942
_2
ddc
_c
BK
999
_c
17226
_d
17226